LEADER 01012nam--2200349---450- 001 990006024330203316 005 20150409125511.0 010 $a88-88613-38-2 035 $a000602433 035 $aUSA01000602433 035 $a(ALEPH)000602433USA01 035 $a000602433 100 $a20150409d2002----km-y0itay50------ba 101 $aita 102 $aIT 105 $aa---||||001yy 200 1 $aArchitettura e rappresentazione digitale$fAlberto Sdegno 210 $aVenezia$cLibreria Editrice Cafoscarina$dcopyr. 2002 215 $a135 p.$cill.$d21 cm 225 2 $aSaggi 410 0$12001$aSaggi 606 0 $aElaboratori$xImpiego [in] Architettura$2BNCF 676 $a720.285 700 1$aSDEGNO,$bAlberto$0620136 801 0$aIT$bsalbc$gISBD 912 $a990006024330203316 951 $a720.285 SDE$b505 Crd.$c720.285$d00330657 959 $aBK 969 $aCRD 979 $aPAOLA$b90$c20150409$lUSA01$h1255 996 $aArchitettura e rappresentazione digitale$91077647 997 $aUNISA LEADER 01369nam 2200361z- 450 001 9910698798303321 005 20240509170846.0 035 $a(CKB)5860000000020003 035 $a(BIP)032674562 035 $a(EXLCZ)995860000000020003 100 $a20220406c2010uuuu -u- - 101 0 $aeng 200 10$aContracting in a counterinsurgency $ean examination of the Blackwater-Paravant contract and the need for oversight : hearing before the Committee on Armed Services, United States Senate, One Hundred Eleventh Congress, second session, February 24, 2010 215 $a1 online resource (iv, 228 p.) $cill 311 $a0-16-086429-1 517 $aContracting in a counterinsurgency 606 $aPrivate military companies$xCorrupt practices$zAfghanistan 606 $aDefense contracts$xCorrupt practices$zUnited States 606 $aAfghan War, 2001-2021 610 $aDefense contracts 610 $aAfghan war, 2001-2021 610 $aPrivate security services 610 $aAfghanistan 610 $aPolitical science 610 $aHistory 610 $aSocial science 615 0$aPrivate military companies$xCorrupt practices 615 0$aDefense contracts$xCorrupt practices 615 0$aAfghan War, 2001-2021. 906 $aBOOK 912 $a9910698798303321 996 $aContracting in a counterinsurgency$93163860 997 $aUNINA